The magic world of Orson Welles / (Record no. 80236)

MARC details
000 -LEADER
campo de control de longitud fija 01202cam a2200313 i 4500
003 - IDENTIFICADOR DE NÚMERO DE CONTROL
campo de control BJBSDDR
005 - FECHA Y HORA DE LA ÚLTIMA TRANSACCIÓN
campo de control 20230410130759.0
007 - CAMPO FIJO DE DESCRIPCIÓN FÍSICA--INFORMACIÓN GENERAL
campo de control de longitud fija ta
008 - DATOS DE LONGITUD FIJA--INFORMACIÓN GENERAL
campo de control de longitud fija 770609s1989 txua b 001 0 eng
020 ## - NÚMERO INTERNACIONAL ESTÁNDAR DEL LIBRO
Número Internacional Estándar del Libro 087074299X
020 ## - NÚMERO INTERNACIONAL ESTÁNDAR DEL LIBRO
Número Internacional Estándar del Libro 9780870742996
035 ## - NÚMERO DE CONTROL DEL SISTEMA
Número de control de sistema 3666626
040 ## - FUENTE DE CATALOGACIÓN
Centro catalogador/agencia de origen DLC
Centro/agencia transcriptor DLC
Lengua de catalogación spa
041 ## - CÓDIGO DE IDIOMA
Código de lengua del texto/banda sonora o título independiente Eng
050 14 - SIGNATURA TOPOGRÁFICA DE LA BIBLIOTECA DEL CONGRESO
Número de clasificación B PN 1998.3
Número de ítem W449N 1989
082 00 - NÚMERO DE LA CLASIFICACIÓN DECIMAL DEWEY
Número de clasificación 791.43/0233/0924
Número de edición 19
100 1# - ENTRADA PRINCIPAL--NOMBRE DE PERSONA
Nombre de persona Naremore, James,
Fechas asociadas al nombre 1941-
245 14 - MENCIÓN DEL TÍTULO
Título The magic world of Orson Welles /
Mención de responsabilidad, etc. James Naremore.
260 ## - PUBLICACIÓN, DISTRIBUCIÓN, ETC.
Lugar de publicación, distribución, etc. Dallas :
Nombre del editor, distribuidor, etc. Oxford University Press,
Fecha de publicación, distribución, etc. 1978.
300 ## - DESCRIPCIÓN FÍSICA
Extensión viii, 309 p. :
Otras características físicas ill. ;
Dimensiones 22 cm.
500 ## - NOTA GENERAL
Nota general Includes index.
504 ## - NOTA DE BIBLIOGRAFÍA, ETC.
Nota de bibliografía, etc. Bibliography: p. 311-315.
504 ## - NOTA DE BIBLIOGRAFÍA, ETC.
Nota de bibliografía, etc. Filmography: p. 315-330.
520 ## - RESUMEN, ETC.
Sumario, etc. Paper edition of the 1978 original, with a new introduction and final chapter, and expanded and updated filmography and bibliography. Discusses the historical context and the political, psychological, and autobiographical aspects of specific films, and traces overall characteristics of his film care
600 14 - PUNTO DE ACCESO ADICIONAL DE MATERIA--NOMBRE DE PERSONA
Nombre de persona Welles, Orson,
Fechas asociadas al nombre 1915-1985.
600 14 - PUNTO DE ACCESO ADICIONAL DE MATERIA--NOMBRE DE PERSONA
Nombre de persona Welles, Orson
Forma completa/desarrollada del nombre (George Orson),
Fechas asociadas al nombre 1915-1985
Subdivisión general Crítica e interpretación
942 ## - ELEMENTOS DE ENTRADA SECUNDARIOS (KOHA)
Fuente del sistema de clasificación o colocación Clasificación de Library of Congress
Tipo de ítem Koha Libro
946 ## - PROCESAMIENTO DE INFORMACIÓN LOCAL (OCLC)
a dvf
Holdings
Estatus retirado Estado de pérdida Estado de daño No para préstamo Colección Biblioteca de origen Biblioteca actual Ubicación en estantería Fecha de adquisición Signatura topográfica completa Código de barras Visto por última vez Copia número Tipo de ítem Koha
        Recursos Regionales Biblioteca Juan Bosch Biblioteca Juan Bosch Recursos Regionales (2do. Piso) 10/04/2023 B PN 1998.3 W449N 1989 00000121600 25/10/2018 1 Libro